LEADER 01065nam0-22003131i-450- 001 990006434940403321 005 20060405180720.0 035 $a000643494 035 $aFED01000643494 035 $a(Aleph)000643494FED01 035 $a000643494 100 $a20010226d1998----km-y0itay50------ba 101 0 $aita 102 $aIT 105 $aa---a---101yy 200 1 $aPro Cluentio di Marco Tullio Cicerone$eatti del Convegno nazionale, Larino 4-5 dicembre 1992$fa cura dell'Amministrazione comunale di Larino 210 $aLarino$cAmministrazione comunale$d1998 215 $a219 p.$cill.$d30 cm 314 $aSul verso del front.: La redazione degli Atti è stata curata dal Dott. Napoleone Stelluti 676 $a875$v20$zita 702 1$aCicero,$bMarcus Tullius$f<106 a.C.-43 a.C.> 702 1$aStelluti,$bNapoleone 801 0$aIT$bUNINA$gRICA$2UNIMARC 901 $aBK 912 $a990006434940403321 952 $aDirez. CONGR-015$b4596 ddr$fDDR$m21-660 959 $aDDR 996 $aPro Cluentio di Marco Tullio Cicerone$9649991 997 $aUNINA LEADER 00805nam0-2200301 --450 001 9910472957903321 005 20210525101953.0 010 $a978-88-430-7109-8 020 $aIT$b2014-1180 100 $a20210525d2014----kmuy0itay5050 ba 101 0 $aita 102 $aIT 105 $ay 001yy 200 1 $aBonhoeffer$fFulvio Ferrario 210 $aRoma$cCarocci editore$d2014 215 $a263 p.$d22 cm 225 1 $aPensatori$v35 320 $aContiene bibl. (pp. 247-258) 610 0 $aBonhoeffer, Dietrich 676 $a230.044092$v23$zita 700 1$aFerrario,$bFulvio$0254711 801 0$aIT$bUNINA$gREICAT$2UNIMARC 901 $aBK 912 $a9910472957903321 952 $aCOLLEZ. 2758 (35)$b2480/2020$fFSPBC 959 $aFSPBC 996 $aBonhoeffer$91071937 997 $aUNINA